Paroles - La belle au bois - Saez - Statistiques

Statistiques générales
  • Ce quiz a été pris 52 fois
  • Le résultat moyen est 543 sur 920
Statistiques - réponses
Réponses % Correct
À
100%
à
100%
a
100%
A
100%
belle
94%
Belle
94%
Elle
94%
elle
94%
Elle,
94%
au
88%
Au
88%
bois
88%
bois,
88%
en
88%
La
88%
la
88%
88%
LA
88%
le
88%
Le
88%
les
88%
Les
88%
cul
81%
dans
81%
Dans
81%
danse
81%
de
81%
VIP
81%
boites
75%
dormant
75%
mon
75%
nuit
75%
pour
75%
Pour
75%
qui
75%
Qui
75%
se
75%
Se
75%
son
75%
un
75%
faire
69%
ma
69%
Pé'
69%
Snape
69%
snape
69%
une
69%
cherche
63%
Cherche
63%
comme
63%
étoile
63%
je
63%
ou
63%
ses
63%
soir
63%
vie
63%
bouteilles
56%
chercherait
56%
déhanché
56%
des
56%
Dom
56%
entier
56%
fait
56%
faut
56%
Jeunesse
56%
jeunesse
56%
médicaments
56%
monde
56%
pourra
56%
prend
56%
Que
56%
que
56%
samedi
56%
samedi,
56%
voir
56%
2.0,
50%
2020,
50%
aux
50%
bander
50%
ce
50%
Ce
50%
chiottes
50%
coins
50%
dit
50%
enculé
50%
est
50%
fête
50%
ils
50%
l'aube
50%
mais
50%
Mais
50%
merde
50%
n'importe
50%
oui
50%
pète
50%
pètent
50%
peut
50%
planète
50%
planqué
50%
planquée
50%
pute
50%
quatre
50%
quel
50%
rêver
50%
sous
50%
sucera
50%
Sucera
50%
tourner
50%
tout
50%
y
50%
yeux
50%
Alors
44%
alors
44%
avec
44%
Avec
44%
bien
44%
ça
44%
ça,
44%
coke,
44%
coke
44%
du
44%
fais
44%
gueule
44%
leur
44%
liker
44%
paillettes
44%
pipe
44%
pipes
44%
pleurer
44%
poste
44%
poster
44%
Quand
44%
Rails
44%
rails
44%
réveille
44%
soirées
44%
soirs
44%
sur
44%
Sur
44%
twerke
44%
twerke,
44%
veut
44%
blaireaux
38%
bouge
38%
chialent
38%
ciel
38%
ciel,
38%
contre
38%
gré
38%
mettra
38%
minuit
38%
non
38%
on
38%
par
38%
peu
38%
planer
38%
podiums,
38%
podiums
38%
reine
38%
septième
38%
sniffé
38%
Taillera
38%
tant
38%
tous
38%
valium
38%
vient
38%
vieux
38%
voiles
38%
aller
31%
anglais
31%
Blanche
31%
carré
31%
cartes
31%
C'est
31%
c'est
31%
chante
31%
Chope
31%
connaît
31%
corps
31%
crédit
31%
d'avoir
31%
dernier
31%
extases
31%
fesses
31%
foire
31%
gogo
31%
Kétamine
31%
l'air
31%
levés
31%
l'opium
31%
métro
31%
mieux
31%
monter
31%
ne
31%
offre
31%
paradis
31%
paumée
31%
pieds
31%
pouces
31%
rien
31%
rimmel
31%
s'envoyer
31%
triste
31%
trop
31%
videurs,
31%
virtuels
31%
aiment
25%
Autant
25%
brillé
25%
brillent
25%
cercueils
25%
clubs
25%
cœur
25%
cœur,
25%
coule,
25%
coup
25%
danser
25%
décharges
25%
dents
25%
d'étoile
25%
direction
25%
disent
25%
DJ
25%
d'un
25%
échapper
25%
effacer
25%
encore,
25%
enfuie
25%
étoiles
25%
fera
25%
filles
25%
fond
25%
gobera
25%
insta
25%
lactée
25%
latte
25%
l'endroit
25%
l'enfer
25%
l'envers,
25%
lui
25%
mascara
25%
mascaras
25%
matin,
25%
MD
25%
mettre
25%
Neige
25%
ouais
25%
paroles,
25%
pitié
25%
poussière
25%
p'tites
25%
quelle
25%
qu'une
25%
rouge,
25%
saigné
25%
sanglots
25%
s'est
25%
soient
25%
sons
25%
sont
25%
souffrance
25%
St
25%
t'as
25%
T'as
25%
tristesse
25%
vas-y
25%
vies
25%
voie
25%
ambulance
19%
Ambulance
19%
autre,
19%
blindé
19%
Célébrité
19%
célébrité
19%
celles
19%
ceux,
19%
crois
19%
culs
19%
être
19%
gagner
19%
horizon,
19%
Ibiza,
19%
l'ecstasy,
19%
l'emmènera
19%
l'éternel
19%
limo'
19%
lit
19%
loin
19%
Mykonos,
19%
New-York
19%
nos
19%
partie
19%
piste
19%
plus
19%
pognon,
19%
poudres
19%
prennent
19%
Quelles
19%
rois
19%
suivra
19%
taxi
19%
tes-pu
19%
toujours
19%
Tropez
19%
vieille
19%
vouloir
19%
aurait
13%
mec
13%
carrés
6%
Aucun quiz correspondant
Distribution des résultats
% des personnes avec chaque résultat
Percentile par nombre de réponses
Votre historique - résultats
Vous n’avez pas pris ce quiz